000 01239nam a2200241 u 4500
001 000002958
003 DO-SdBNP
005 20250410132207.0
008 090706s1993 dr r 001 0 spa d
040 _aDO-SdBNP
_bspa
_cBNPHU
082 _a338.1897293
_bM334a
100 1 _aMaríñez, Pablo A.
_95748
245 1 0 _aAgroindustria, estado y clases sociales en la era de Trujillo (1935-1960) /
_cPablo A. Maríñez.
260 _aSanto Domingo :
_bFundación Cultural Dominicana,
_c1993.
504 _aIncluye bibliografía y notas al pie de páginas.
504 _aBibliografía : p. 129-142.
505 0 _gAdvertencia preliminar --
_tIntroducción : Consideraciones teóricas sobre agroindustria --
_tHacia una conformación del estado interventor --
_tLa penetración del capitalismo en el agro --
_tEl proceso de agroindustrialización --
_tEl proceso de cambio en las clases sociales --
_gBibliografía y fuentes utilizadas --
_gIndice temático.
590 _aInventariado,2018/DG
650 1 4 _aIndustrias agropecuarias
_xAspectos económicos
_zRepública Dominicana
_99401
651 1 4 _aRepública Dominicana
_xPolítica y gobierno
_yEra de Trujillo, 1930-1961
_91374
910 _aValidado. Control de calidad EMS.
942 _2ddc
_cLBS1
999 _c2790
_d2790